000 01368cad a22002295a 4500
001 L159534
008 160318s2017 xxk f 000 0 eng d
035 _a(Sirsi) u159534
041 0 _aeng
110 2 _aUK Green Building Council
_95440
245 0 0 _aBuilding places that work for everyone
_bindustry insights into key Government priorities
_h[electronic resource]
260 _aLondon
_bGreen Building Council
_c2017
505 2 _aDelivering the homes the UK needs -- Getting bills down, for families and businesses -- Healthier places to live and work -- A world-class, productive industry, with good quality jobs in every region -- Supporting thriving, socially cohesive communities -- The role of policy in making this happen.
520 _aThe report argues that off-site manufacture can cut construction waste, produce homes that are better built and cheaper to run, and enable quicker and more reliable build times. Produced in consultation with industry, it also discusses how to achieve the UK?s legally binding carbon reduction targets.
590 _aKA
650 2 4 _aOFF-SITE MANUFACTURING
650 2 4 _aCARBON REDUCTION
651 4 _aUnited Kingdom
690 _aSustainability
_96271
856 4 0 _uhttps://www.ukgbc.org/sites/default/files/08488%20Places%20for%20Everyone%20WEB.pdf
_zView the item free of charge at www.ukgbc.org
942 _n0
999 _c115980
_d115980